[Event "Berlin-ch Seniors op 39th"]
[Site "Berlin"]
[Date "2023.01.27"]
[Round "4"]
[White "Kapr, Klaus"]
[Black "Witte, Ronald"]
[Result "1/2-1/2"]
[WhiteElo "1948"]
[BlackElo "2019"]
[PlyCount "49"]
[EventDate "2023.01.24"]
[EventType "swiss"]
[EventRounds "9"]
[EventCountry "GER"]
[SourceTitle "CBM 212 Extra"]
[Source "ChessBase"]
[SourceDate "2023.03.31"]
[SourceVersion "1"]
[SourceVersionDate "2023.03.31"]
[SourceQuality "1"]

1. e4 c5 2. Nf3 d6 3. d4 cxd4 4. Nxd4 Nf6 5. Nc3 a6 6. Be2 e5 7. Nb3 Be7 8. Be3 Be6 9. 0-0 Nbd7 10. f3 0-0 11. Qd2 Qb8 12. Rfd1 b5 13. Na5 Rc8 14. Nd5 Bxd5 15. exd5 Qc7 16. Nc6 Bf8 17. a4 Nb6 18. axb5 axb5 19. Rxa8 Rxa8 20. Bxb6 Qxb6+ 21. Kf1 Rc8 22. c4 bxc4 23. Bxc4 Rd8 24. Qf2 Nd7 25. b4 1/2-1/2

[Event "GER-ch Seniors 50 34th"]
[Site "Magdeburg"]
[Date "2022.08.12"]
[Round "1"]
[White "Witte, Ronald"]
[Black "Zude, Arno"]
[Result "0-1"]
[WhiteElo "1980"]
[BlackElo "2371"]
[PlyCount "70"]
[EventDate "2022.08.12"]
[EventType "swiss"]
[EventRounds "9"]
[EventCountry "GER"]
[SourceTitle "CBM 209 Extra"]
[Source "ChessBase"]
[SourceDate "2022.09.30"]
[SourceVersion "1"]
[SourceVersionDate "2022.09.30"]
[SourceQuality "1"]

1. d4 Nf6 2. c4 e6 3. Nf3 Bb4+ 4. Bd2 Qe7 5. Nc3 b6 6. g3 Bb7 7. Bg2 Bxc3 8. Bxc3 Ne4 9. Qc2 Nxc3 10. Qxc3 0-0 11. 0-0 c5 12. dxc5 bxc5 13. Rfd1 Rd8 14. Rac1 d6 15. Qc2 Nc6 16. b3 a5 17. a4 Rab8 18. e3 Nb4 19. Qb2 e5 20. Rd2 e4 21. Ne1 g5 22. Bf1 Nc6 23. Qc3 g4 24. Ng2 Ne5 25. Be2 Bc6 26. Nf4 f6 27. Rcd1 Kf7 28. Nd5 Bxd5 29. Rxd5 Qc7 30. Qc2 f5 31. Kg2 Ke6 32. h4 Rd7 33. Rb1 Rb4 34. Qc3 Qb6 35. Rb2 Rb7 0-1

[Event "Prague Summer op-A 8th"]
[Site "Prague"]
[Date "2021.08.12"]
[Round "8"]
[White "Witte, Ronald"]
[Black "Pap, Gyula"]
[Result "1/2-1/2"]
[WhiteElo "2049"]
[BlackElo "2519"]
[PlyCount "41"]
[EventDate "2021.08.06"]
[EventType "swiss"]
[EventRounds "9"]
[EventCountry "CZE"]
[SourceTitle "CBM 203 Extra"]
[Source "ChessBase"]
[SourceDate "2021.09.30"]
[SourceVersion "1"]
[SourceVersionDate "2021.09.30"]
[SourceQuality "1"]

1. d4 Nf6 2. c4 e6 3. Nf3 Bb4+ 4. Bd2 Bxd2+ 5. Qxd2 0-0 6. Nc3 d5 7. cxd5 exd5 8. e3 Bf5 9. Bd3 Bxd3 10. Qxd3 c6 11. Ne5 Nbd7 12. Nxd7 Qxd7 13. 0-0 Rfe8 14. Rfe1 Ne4 15. Nxe4 Rxe4 16. f3 Re6 17. Re2 Rae8 18. Rae1 Qd8 19. e4 dxe4 20. Rxe4 Qd5 21. b3 1/2-1/2

[Event "Berlin Lichtenberger op 13th"]
[Site "Berlin"]
[Date "2014.08.23"]
[Round "8"]
[White "Witte, Ronald"]
[Black "Wimmer, Thomas"]
[Result "1-0"]
[WhiteElo "2052"]
[BlackElo "1881"]
[PlyCount "87"]
[EventDate "2014.08.16"]
[EventType "swiss"]
[EventRounds "9"]
[EventCountry "GER"]
[SourceTitle "CBM 161 Extra"]
[Source "ChessBase"]
[SourceDate "2014.08.29"]
[SourceVersion "1"]
[SourceVersionDate "2014.08.29"]
[SourceQuality "1"]

1. d4 Nf6 2. c4 g6 3. Nc3 Bg7 4. e4 d6 5. Be2 0-0 6. Nf3 e5 7. d5 Na6 8. 0-0 Nc5 9. Qc2 a5 10. Be3 Na6 11. a3 Ng4 12. Bg5 f6 13. Bd2 f5 14. h3 Nf6 15. Ne1 Bd7 16. f3 Qc8 17. Kh2 fxe4 18. Nxe4 Nxe4 19. fxe4 Rxf1 20. Bxf1 Qf8 21. Nd3 b6 22. Be2 Bh6 23. Rf1 Qg7 24. b4 axb4 25. axb4 Rf8 26. Ra1 Bc8 27. Qc1 Bxd2 28. Qxd2 Rf4 29. Nxf4 exf4 30. Rf1 g5 31. Rb1 Qe5 32. Bf3 Qe7 33. Qe2 Nb8 34. Ra1 Nd7 35. Bg4 Kg7 36. Qb2+ Kg6 37. Qh8 Bb7 38. Bf5+ Kh6 39. Ra7 Bxd5 40. cxd5 Nf6 41. Qc8 f3 42. Qe6 Qxe6 43. Bxe6 f2 44. Ra1 1-0

[Event "Berlin Lichtenberger op 13th"]
[Site "Berlin"]
[Date "2014.08.22"]
[Round "7"]
[White "Kreutzkamp, Hans Rudolf"]
[Black "Witte, Ronald"]
[Result "1-0"]
[WhiteElo "2186"]
[BlackElo "2052"]
[PlyCount "139"]
[EventDate "2014.08.16"]
[EventType "swiss"]
[EventRounds "9"]
[EventCountry "GER"]
[SourceTitle "CBM 161 Extra"]
[Source "ChessBase"]
[SourceDate "2014.08.29"]
[SourceVersion "1"]
[SourceVersionDate "2014.08.29"]
[SourceQuality "1"]

1. e4 c5 2. Nf3 d6 3. d4 cxd4 4. Nxd4 Nf6 5. Nc3 a6 6. a4 Nc6 7. Be2 e6 8. Be3 Be7 9. 0-0 0-0 10. f4 Qc7 11. Kh1 Bd7 12. Qe1 Nxd4 13. Bxd4 Bc6 14. e5 Nd7 15. exd6 Bxd6 16. Qh4 Bc5 17. Bd3 g6 18. Bxc5 Nxc5 19. Be2 Ne4 20. Rf3 Nxc3 21. Rh3 f5 22. Rxc3 Qd8 23. Qf2 Qf6 24. Bf3 e5 25. Bxc6 bxc6 26. Qc5 e4 27. Qxc6 Qxc6 28. Rxc6 Rfd8 29. Kg1 Rd2 30. b4 Re8 31. b5 axb5 32. axb5 e3 33. Re1 Re4 34. b6 Rb4 35. h3 e2 36. g3 Rb2 37. c4 Rb3 38. Kf2 Rdd3 39. Rxe2 Rf3+ 40. Kg1 Rxg3+ 41. Rg2 Rxh3 42. Re2 Rhg3+ 43. Kf1 Rgf3+ 44. Rf2 Rh3 45. c5 Rb1+ 46. Kg2 Rbb3 47. Rd6 Rhg3+ 48. Kf1 Rb1+ 49. Ke2 Rc3 50. Rd5 Rb5 51. Rf3 Rcxc5 52. Rxc5 Rxc5 53. Rb3 Rc8 54. Kd3 Kf7 55. Kd4 Ke6 56. b7 Rb8 57. Kc5 h5 58. Kc6 h4 59. Rh3 g5 60. fxg5 f4 61. Rxh4 Kf5 62. g6 f3 63. g7 f2 64. Rh1 Ke4 65. Rf1 Ke3 66. Kc7 Rg8 67. b8Q Rxg7+ 68. Kd6 Rg6+ 69. Ke5 Rg4 70. Qb2 1-0

[Event "Berlin-ch QT"]
[Site "Berlin"]
[Date "2014.04.25"]
[Round "7"]
[White "Witte, Ronald"]
[Black "Buttkus, Andree"]
[Result "1/2-1/2"]
[WhiteElo "2040"]
[BlackElo "2027"]
[PlyCount "94"]
[EventDate "2014.04.19"]
[EventType "swiss"]
[EventRounds "9"]
[EventCountry "GER"]
[SourceTitle "EXT 2022"]
[Source "ChessBase"]
[SourceDate "2021.10.06"]
[SourceVersion "1"]
[SourceVersionDate "2021.10.06"]
[SourceQuality "1"]

1. d4 Nf6 2. c4 e6 3. Nc3 Bb4 4. Qc2 0-0 5. Nf3 d5 6. Bg5 h6 7. Bh4 c5 8. e3 cxd4 9. exd4 Nc6 10. a3 Be7 11. Rd1 Qa5 12. Bd3 dxc4 13. Bxc4 Rd8 14. 0-0 g5 15. Bg3 g4 16. Ne5 Nxd4 17. Qc1 Nf5 18. b4 Rxd1 19. Rxd1 Qc7 20. Nb5 Qb6 21. Bd3 Nxg3 22. hxg3 Kg7 23. Nxf7 Kxf7 24. Qxh6 Bf8 25. Qg6+ Ke7 26. Bc4 Bd7 27. Rd6 Qd8 28. Bxe6 Bxe6 29. Rxd8 Rxd8 30. Nc7 Bb3 31. Qg5 Kf7 32. Qe3 Bc4 33. Qc3 b5 34. a4 Rd3 35. Qc2 a6 36. Nxa6 Nd5 37. axb5 Bxb5 38. Nc5 Nxb4 39. Qc1 Rd4 40. Qg5 Bc4 41. Qf5+ Kg8 42. Ne6 Bxe6 43. Qxe6+ Kh7 44. Qf7+ Bg7 45. Qh5+ Kg8 46. Qe8+ Kh7 47. Qh5+ Kg8 1/2-1/2

[Event "Guben op 17th"]
[Site "Guben"]
[Date "2014.01.02"]
[Round "1"]
[White "Witte, Ronald"]
[Black "Andre, Gordon"]
[Result "0-1"]
[WhiteElo "2055"]
[BlackElo "2314"]
[PlyCount "106"]
[EventDate "2014.01.02"]
[EventType "swiss"]
[EventRounds "9"]
[EventCountry "GER"]
[SourceTitle "EXT 2015"]
[Source "ChessBase"]
[SourceDate "2014.11.20"]
[SourceVersion "1"]
[SourceVersionDate "2014.11.20"]
[SourceQuality "1"]

1. d4 Nf6 2. c4 g6 3. Nc3 Bg7 4. e4 d6 5. Be2 0-0 6. Bg5 a6 7. Nf3 h6 8. Be3 e5 9. dxe5 Ng4 10. Bd2 dxe5 11. h3 Nf6 12. Be3 Be6 13. Qxd8 Rxd8 14. 0-0 Nbd7 15. Rfd1 c6 16. Rd2 b5 17. cxb5 axb5 18. b4 Bf8 19. Rb1 Ra3 20. Rc2 Ne8 21. Bc1 Raa8 22. a3 Nd6 23. Nd2 Nb6 24. Nd1 Bc4 25. Nxc4 Nbxc4 26. Bxc4 Nxc4 27. Ne3 Nd6 28. f3 Rdc8 29. Bb2 f6 30. Rbc1 Ra6 31. Kf2 h5 32. Rd1 Kf7 33. Bc1 Ke6 34. g4 hxg4 35. hxg4 Bh6 36. Rd3 Bxe3+ 37. Bxe3 Nc4 38. Bc1 Ra7 39. Kg3 Rca8 40. Rcc3 f5 41. exf5+ gxf5 42. gxf5+ Kxf5 43. Rd1 Rh8 44. Rg1 Rg7+ 45. Kf2 Rh2+ 46. Kf1 Rd7 47. Rg5+ Kf6 48. Kg1 Ra2 49. Rg2 Ra1 50. Kf2 Rd1 51. Bg5+ Kf5 52. f4 Ra2+ 53. Kg3 exf4+ 0-1

[Event "Berlin Lichtenberger op 12th"]
[Site "Berlin"]
[Date "2013.08.23"]
[Round "7"]
[White "Witte, Ronald"]
[Black "Stark, Ingo"]
[Result "1/2-1/2"]
[WhiteElo "2040"]
[BlackElo "2134"]
[PlyCount "95"]
[EventDate "2013.08.17"]
[EventType "swiss"]
[EventRounds "9"]
[EventCountry "GER"]
[SourceTitle "CBM 156 Extra"]
[Source "ChessBase"]
[SourceDate "2013.10.22"]
[SourceVersion "1"]
[SourceVersionDate "2013.10.22"]
[SourceQuality "1"]

1. d4 Nf6 2. c4 e6 3. Nc3 c5 4. d5 exd5 5. cxd5 Bd6 6. e4 Qe7 7. Bd3 0-0 8. Nf3 Bc7 9. 0-0 d6 10. h3 a6 11. a4 Nbd7 12. Bf4 Re8 13. Re1 Ba5 14. Qc2 Nh5 15. Bh2 Qf6 16. e5 Nxe5 17. Nxe5 dxe5 18. Bxh7+ Kh8 19. Be4 Nf4 20. Re3 Bd7 21. Bf3 Qg5 22. Bxf4 exf4 23. Rxe8+ Rxe8 24. Ne4 Qg6 25. Qxc5 Bf5 26. Qxa5 Bxe4 27. Bxe4 Qxe4 28. d6 Qd4 29. Re1 Rxe1+ 30. Qxe1 Qxd6 31. Qe8+ Kh7 32. Qxf7 Qd1+ 33. Kh2 Qxa4 34. Qxb7 Qd4 35. Qxa6 f3 36. Qf1 fxg2 37. Qxg2 Qxb2 38. Qe4+ Kg8 39. Kg3 Qb8+ 40. f4 Qb2 41. f5 Qc3+ 42. Kg4 Qd2 43. Qe8+ Kh7 44. Qg6+ Kh8 45. Qh5+ Kg8 46. Qe8+ Kh7 47. Qh5+ Kg8 48. Qe8+ 1/2-1/2

[Event "Berlin Lichtenberger op 12th"]
[Site "Berlin"]
[Date "2013.08.21"]
[Round "5"]
[White "Witte, Ronald"]
[Black "Kohlmeyer, Dagobert"]
[Result "1-0"]
[WhiteElo "2040"]
[BlackElo "1892"]
[PlyCount "59"]
[EventDate "2013.08.17"]
[EventType "swiss"]
[EventRounds "9"]
[EventCountry "GER"]
[SourceTitle "CBM 156 Extra"]
[Source "ChessBase"]
[SourceDate "2013.10.22"]
[SourceVersion "1"]
[SourceVersionDate "2013.10.22"]
[SourceQuality "1"]

1. d4 Nf6 2. c4 g6 3. Nc3 d5 4. Nf3 Bg7 5. Bf4 a6 6. e3 c6 7. h3 0-0 8. Bd3 dxc4 9. Bxc4 Nbd7 10. 0-0 Nb6 11. Bd3 Nbd5 12. Be5 Nxc3 13. bxc3 Qa5 14. c4 Nd7 15. Bxg7 Kxg7 16. Qb3 Qc7 17. Rac1 f6 18. c5 e5 19. Nd2 exd4 20. exd4 Qf4 21. Nf3 b6 22. cxb6 Rb8 23. Rxc6 Bb7 24. Rc7 Rf7 25. Qe6 Bxf3 26. Rxd7 Rbf8 27. Rxf7+ Rxf7 28. gxf3 Qxf3 29. Bxa6 f5 30. Qe5+ 1-0

[Event "Berlin Lichtenrade op 08th"]
[Site "Berlin"]
[Date "2012.10.03"]
[Round "5"]
[White "Witte, Ronald"]
[Black "Rettore, Ludwig"]
[Result "0-1"]
[WhiteElo "2027"]
[BlackElo "2144"]
[PlyCount "66"]
[EventDate "2012.09.29"]
[EventType "swiss"]
[EventRounds "9"]
[EventCountry "GER"]
[SourceTitle "CBM 150 Extra"]
[Source "ChessBase"]
[SourceDate "2012.10.19"]
[SourceVersion "1"]
[SourceVersionDate "2012.10.19"]
[SourceQuality "1"]

1. d4 f5 2. g3 Nf6 3. Bg2 g6 4. c4 Bg7 5. Nf3 0-0 6. 0-0 d6 7. b4 e6 8. Bb2 Nbd7 9. Qb3 Kh8 10. c5 Nd5 11. Nc3 Nxc3 12. Bxc3 Qe7 13. e3 e5 14. cxd6 cxd6 15. dxe5 dxe5 16. Qb2 e4 17. Bxg7+ Qxg7 18. Qxg7+ Kxg7 19. Nd4 Ne5 20. Rfc1 Nd3 21. Rc7+ Rf7 22. Rxf7+ Kxf7 23. a3 Be6 24. Nxe6 Kxe6 25. Bf1 Rc8 26. Bxd3 exd3 27. Kf1 Kd5 28. f3 Rc2 29. h4 Rh2 30. Re1 Kc4 31. e4 Kc3 32. e5 Rh1+ 33. Kf2 Rxe1 0-1

[Event "Berlin Lichtenrade op 08th"]
[Site "Berlin"]
[Date "2012.09.30"]
[Round "2"]
[White "Stern, Rene"]
[Black "Witte, Ronald"]
[Result "1-0"]
[WhiteElo "2517"]
[BlackElo "2027"]
[PlyCount "75"]
[EventDate "2012.09.29"]
[EventType "swiss"]
[EventRounds "9"]
[EventCountry "GER"]
[SourceTitle "CBM 150 Extra"]
[Source "ChessBase"]
[SourceDate "2012.10.19"]
[SourceVersion "1"]
[SourceVersionDate "2012.10.19"]
[SourceQuality "1"]

1. d4 Nf6 2. c4 e6 3. Nc3 Bb4 4. Bd2 0-0 5. Nf3 b6 6. e3 Bb7 7. Bd3 Bxc3 8. Bxc3 Ne4 9. Bxe4 Bxe4 10. d5 c5 11. Nd2 Bg6 12. h4 f5 13. Qf3 Na6 14. h5 Be8 15. Qg3 Rf7 16. h6 f4 17. exf4 g6 18. d6 Nb4 19. 0-0 Nc6 20. Ne4 Rf5 21. Rad1 a6 22. Bg7 b5 23. b3 Rc8 24. Qe3 Nd4 25. Bxd4 cxd4 26. Qxd4 Rf7 27. Ng5 Rf6 28. c5 Rc6 29. b4 Rc8 30. Qe5 Rc6 31. g3 Rc8 32. Rfe1 Ra8 33. Re3 a5 34. bxa5 Rxa5 35. a3 Ra4 36. Rd4 Rxd4 37. Qxd4 e5 38. Qxe5 1-0